[Event "SVK-ch U12 Girls"]
[Site "Tatralandia"]
[Date "2024.04.08"]
[Round "4"]
[White "Laurincova, Timea"]
[Black "Bulvasova, Natalia"]
[Result "1-0"]
[WhiteElo "1040"]
[BlackElo "1000"]
[PlyCount "63"]
[EventDate "2024.04.05"]
[EventType "swiss"]
[EventRounds "7"]
[EventCountry "SVK"]
[SourceTitle "CB16_2024"]
[SourceDate "2024.04.17"]
[SourceVersion "1"]
[SourceVersionDate "2024.04.17"]
[SourceQuality "1"]

1. e4 e5 2. Nf3 Nc6 3. Bc4 Be7 4. d3 Nf6 5. 0-0 0-0 6. Be3 d6 7. c3 Bg4 8. Nbd2 d5 9. exd5 Nxd5 10. h3 Bh5 11. Qe1 Nb6 12. d4 exd4 13. Nxd4 Ne5 14. Bb3 Nd3 15. Qb1 Be2 16. Nxe2 Qd6 17. Bc2 Ne5 18. Bxh7+ Kh8 19. Be4 Nbc4 20. Nxc4 Nxc4 21. Bf4 Qd7 22. b3 Na3 23. Qd1 Qe6 24. Bxb7 Rad8 25. Nd4 Qf6 26. Be3 Bd6 27. Qf3 Qe5 28. g3 Rb8 29. Be4 c5 30. Nc6 Qxc3 31. Qh5+ Kg8 32. Qh7# 1-0

[Event "SVK-ch U12 Girls"]
[Site "Tatralandia"]
[Date "2024.04.05"]
[Round "1"]
[White "Jarosova, Eliska"]
[Black "Laurincova, Timea"]
[Result "0-1"]
[WhiteElo "1000"]
[BlackElo "1040"]
[PlyCount "122"]
[EventDate "2024.04.05"]
[EventType "swiss"]
[EventRounds "7"]
[EventCountry "SVK"]
[SourceTitle "CB16_2024"]
[SourceDate "2024.04.17"]
[SourceVersion "1"]
[SourceVersionDate "2024.04.17"]
[SourceQuality "1"]

1. e4 c5 2. Bc4 Nc6 3. Qf3 Nf6 4. d3 Ne5 5. Qe2 Nxc4 6. dxc4 d6 7. Nc3 g6 8. Nf3 e5 9. 0-0 Bg7 10. Rd1 0-0 11. Bg5 Qb6 12. Bxf6 Bxf6 13. Nd5 Qd8 14. Nxf6+ Qxf6 15. Qe1 Bg4 16. h3 Bxf3 17. gxf3 Rfd8 18. Qa5 Qxf3 19. Qc7 Qxh3 20. Rd3 Qd7 21. Qxd7 Rxd7 22. Re1 f5 23. c3 fxe4 24. Rxe4 Rf8 25. f3 a6 26. b4 b6 27. b5 a5 28. a4 Rf4 29. Rxf4 exf4 30. Kg2 Kf7 31. Kh3 g5 32. Kg4 Kg6 33. Rd5 h6 34. Rd2 h5+ 35. Kh3 Kf5 36. Rd5+ Kf6 37. Kg2 Kg6 38. Kf2 g4 39. fxg4 hxg4 40. Rd1 Kf5 41. Rd5+ Ke4 42. Kg2 g3 43. Kf1 f3 44. Rd2 g2+ 45. Kf2 Rg7 46. Rd1 g1Q+ 47. Rxg1 Rxg1 48. Kxg1 Ke3 49. Kh2 f2 50. Kg2 Ke2 51. Kg3 f1Q 52. Kg4 Qf2 53. Kg5 Qf3 54. Kh4 Qg2 55. Kh5 Qg3 56. Kh6 Qg4 57. Kh7 Kf3 58. Kh6 Kf4 59. Kh7 Kf5 60. Kh8 Kf6 61. Kh7 Qg7# 0-1